| 000 | 01164nam a2200265 a 4500 | ||
|---|---|---|---|
| 001 | 000041244 | ||
| 005 | 20201002034726.0 | ||
| 008 | 130930s2001 sp 001 0 spa d | ||
| 020 | _a8400080165 (v.1) | ||
| 020 | _a8400080157 (v.2) | ||
| 040 |
_aDO-SdBNP _bspa _cBNPHU |
||
| 100 | 1 |
_aGarcía-Bellido, María Paz _967830 |
|
| 245 | 1 | 0 |
_aDiccionario de cecas y pueblos hispánicos : _bcon una introducción a la numismática antigua de la Península Ibérica / _cPaz García-Bellido y Cruces Blázquez ; con la colaboración de José Antonio Matador, Encarnación González e Isabel Rodríguez. |
| 260 |
_aMadrid : _bConsejo Superior de Investigaciones Científicas, _c2001. |
||
| 300 |
_av. : _bil., gráf., mapas ; _c28 cm. |
||
| 490 | 1 |
_aTextos universitarios _v35 |
|
| 500 | _aLa biblioteca posee el v. 1-2 | ||
| 504 | _aBibliografía: p. 210 - 234 | ||
| 505 | 0 |
_gv. 2 _tCatálogo de Cecas y pueblos |
|
| 700 | 1 |
_aBlázquez, Cruces _967831 |
|
| 700 | 1 |
_aMatador, José Antonio _ecool. _967832 |
|
| 700 | 1 |
_aGozzález, Encarnación _967833 |
|
| 710 | 2 |
_aConsejo Superior de Investigaciones Científicas _94786 |
|
| 830 | 0 |
_aTextos universitarios ; _n30 _967487 |
|
| 999 |
_c40734 _d40734 |
||